&team / Andteam member quiz - Statistics

General Stats
  • This quiz has been taken 1,536 times
  • The average score is 8 of 9
Answer Stats
Picture Answer % Correct
Ej
98%
K
96%
Nicholas
95%
Fuma
94%
Jo
92%
Yuma
92%
Maki
91%
Harua
90%
Taki
88%
No matching quizzes found
Score Distribution
Percent of People with Each Score
Percentile by Number Answered
Your Score History
You have not taken this quiz